000 00485cam a2200181ua 4500
020 _c1.95
041 _aeng
_h
082 _a491.75
_bPUL/SH
100 _aPulkina, I M .
245 _aShort Russian referance grammer: with a chapter on pronunciation /
_cI M Pulkina.
_hTextual Documents
250 _a1 /
_b.
260 _aMoscow :
_bForeign Language Publishing House ,
_c1960.
300 _a267 ; .
365 _a1.95
504 _a
942 _cBK
999 _c5439
_d5439